000 00559nam a22001577a 4500
005 20260325101652.0
008 260325b |||||||| |||| 00| 0 eng d
020 _a978-93-5442-677-3
041 _aMar
100 _aचांदवडकर, तुषार
_9217254
245 _aलेखन कौशल्य : निबंध आणि ग्रंथ परीक्षण ( Marathi Ref. )
250 _a1st ed.
260 _aPune
_bAtharv
300 _a89
942 _cRF
999 _c370768
_d370768